[Event "ROM-ch"]
[Site "Baile Olanesti"]
[Date "2013.02.21"]
[Round "7"]
[White "Mongescu, Victor"]
[Black "Ionita, Ioan"]
[Result "1/2-1/2"]
[WhiteElo "1704"]
[BlackElo "1741"]
[PlyCount "59"]
[EventDate "2013.02.16"]
[EventType "swiss"]
[EventRounds "11"]
[EventCountry "ROU"]
[SourceTitle "CBM 153 Extra"]
[Source "ChessBase"]
[SourceDate "2013.04.22"]
[SourceVersion "1"]
[SourceVersionDate "2013.04.22"]
[SourceQuality "1"]

1. d4 Nf6 2. Nf3 e6 3. e3 b6 4. Bd3 Bb7 5. Nbd2 d5 6. 0-0 Bd6 7. c3 0-0 8. Qe2 Ne4 9. c4 Nd7 10. Rd1 Ndf6 11. Ne5 Nxd2 12. Bxd2 c5 13. Rac1 cxd4 14. exd4 Ne4 15. cxd5 Nxd2 16. Rxd2 Bxd5 17. Rdc2 Bxa2 18. Be4 Bd5 19. Bxd5 exd5 20. Nf3 Re8 21. Qb5 Bf4 22. Ra1 Re7 23. g3 Rc7 24. Rxc7 Bxc7 25. Qc6 a5 26. Rc1 Ra7 27. Re1 Ra8 28. Rc1 Ra7 29. Re1 Ra8 30. Rc1 1/2-1/2

[Event "ROM-ch"]
[Site "Baile Olanesti"]
[Date "2013.02.17"]
[Round "2"]
[White "Nastase, Stefan"]
[Black "Mongescu, Victor"]
[Result "0-1"]
[WhiteElo "1938"]
[BlackElo "1704"]
[PlyCount "72"]
[EventDate "2013.02.16"]
[EventType "swiss"]
[EventRounds "11"]
[EventCountry "ROU"]
[SourceTitle "CBM 153 Extra"]
[Source "ChessBase"]
[SourceDate "2013.04.22"]
[SourceVersion "1"]
[SourceVersionDate "2013.04.22"]
[SourceQuality "1"]

1. c4 e5 2. g3 Nf6 3. Bg2 Bc5 4. Nc3 d6 5. e3 Nc6 6. Nge2 0-0 7. 0-0 Bf5 8. d4 Bb4 9. a3 Bxc3 10. Nxc3 Rb8 11. b4 exd4 12. exd4 Re8 13. Bg5 h6 14. Be3 Qd7 15. Re1 Ng4 16. Qd2 Nxe3 17. fxe3 Bh3 18. Bh1 Ne7 19. e4 Ng6 20. Re3 Re6 21. Qe2 Rbe8 22. Re1 c6 23. Nd1 f5 24. Nf2 f4 25. Rc3 Rf6 26. g4 f3 27. Bxf3 Nf4 28. Qd1 Rg6 29. Nxh3 Nxh3+ 30. Kg2 Nf4+ 31. Kh1 Rf8 32. Rg1 Nh3 33. Rg2 Rgf6 34. Qe2 Nf4 35. Qf2 Nxg2 36. Qxg2 Qf7 0-1